Aritmética; para segundo año de las escuelas normales /
Guardado en:
| Autor Principal: | |
|---|---|
| Formato: | Libro |
| Publicado: |
Buenos Aires :
Kapelusz,
1941
|
| Edición: | 4a. ed. |
| Materias: | |
| Etiquetas: |
Agregar Etiqueta
Sin Etiquetas, Sea el primero en etiquetar este registro!
|
| LEADER | 00884nam a22002055a 4500 | ||
|---|---|---|---|
| 001 | CEM.cems005342 | ||
| 005 | 20060220000000.0 | ||
| 008 | 130507s1941##################000#0#####d | ||
| 003 | CEMS | ||
| 082 | 0 | 4 | |a 511 |
| 100 | 1 | |a Repetto, Celina H. | |
| 245 | 1 | 0 | |a Aritmética; para segundo año de las escuelas normales / |
| 250 | |a 4a. ed. | ||
| 260 | |a Buenos Aires : |b Kapelusz, |c 1941 | ||
| 300 | |a 170 p. | ||
| 505 | 0 | |a Numeros enteros; Numeros raciónales; Expresiones algebraicas; Operaciónes con expresiones algebraicas enteras; Factoreo de expresiones algebraicas; Expresiones algebraicas fracciónarias; Ecuaciónes; Sistemas de ecuaciónes de 1er. grado con varias incognitas; Funciónes. Representación grafica; Maquinas de calcular | |
| 653 | |a Aritmetica | ||
| 653 | |a Matematica | ||
| 653 | |a Matematica 5to. año | ||
| 859 | |a CEMS |b BIB. CEMS - 11 de abril |h 511 |i R299-5a4/II |p 1611.74 |t Ej.1 | ||
